Регионална библиотека "Любен Каравелов" - Русе

Странностите на младата блондинка (Запис номер 114532)

MARC детайли
000 -Лидер
Контролно поле с фиксирана дължина 01395nam a2200313 c 4500
003 - Код на организацията, давaща контролен номер
Контролно поле BLK
005 - Дата и час на последна редакция
Контролно поле 20180422110234.0
008 - Елементи от данни с фиксирана дължина
fixed length control field 180409b bul|||||r ||||||| ||bul||
010 ## - Наследен системен номер
LC control number KNG00119963000
040 ## - Източник на каталожния запис
Идентификатор на билиотеката - собственик на записа BLK
041 ## - Код за език
Код за езика на текст/звукозапис или на отделно заглавие Български
Код за езика КДБФ Български
080 ## - УДК
Текстов определител УДК Португалска литература
УДК код - определител по УДК 821.134.3
УДК определител -32
УДК - код + определител 821.134.3-32
100 1# - Редна дума - Автор
Автор Еса ди Кейрош, Жузе Мария
Авторска отговорност първи автор
R(LIN) 295558
139 ## - Редно поле
Редна дума Еса ди Кейрош, Жузе Мария
Авторски знак Ес - Е 85
245 10 - Сведения за заглавието
Заглавие Странностите на младата блондинка
Подзаглавни данни Разкази
Редно поле (дума) Жузе Мария Еса ди Кейрош; прев. от португ. Димитър Ангелов; с предг. от Димитър Ангелов.
257 ## - Страна на издаване
Страна на създаване/издаване Португалия
260 ## - Област на издателските данни
-- София
Име на издателя, разпространителя и проч. Профиздат
Година на издаване 1984
Печатница Враца : В. Александров
300 ## - Физическа характеристика
Страници 152 с.
Размери/Мащаб 17 см
380 ## - Жанр
Жанр Худож. лит.
490 1# - СЕРИИ (Колекции)
Име на серия Библиотека Факел
500 ## - Общи забележки
Забележка Прев. е направен от Obras de Eca Queiroz - Contos / Eca de Queiroz. - 39 450 тир.
700 1# - Други автори (авторска отговорност)
Лично име Ангелов, Димитър
Автороска отговорност (Описва отношението между автора и произведението) прев. от португ.
9 (RLIN) 363623
700 1# - Други автори (авторска отговорност)
Лично име Ангелов, Димитър
Автороска отговорност (Описва отношението между автора и произведението) с предг. от
9 (RLIN) 363623
852 ## - Местоположение
Форматна сигнатура Цб І 21439
856 4# - Електронен адрес и достъп
Електронен формат pdf - файл
Път до файла /url/
856 4# - Електронен адрес и достъп
Електронен формат pdf - файл
Път до файла /url/
942 ## - АРТИКУЛИ
Вид на библиотечния материал Книги
Скрит в OPAC Не
944 ## - СЪЗДАВАНЕ И РЕДАКЦИЯ на ЗАПИСА
Създаване/Редакция Създаване
Дата на регистрацията/редакция 19.10.2016
Служител, извършил регистрацията/редакцията Кина_Георгиева
944 ## - СЪЗДАВАНЕ И РЕДАКЦИЯ на ЗАПИСА
Създаване/Редакция Редакция
Дата на регистрацията/редакция 19.10.2016
Служител, извършил регистрацията/редакцията Кина_Георгиева
999 ## - СИСТЕМНИ КОНТРОЛНИ НОМЕРА
Koha biblionumber 114532
Koha biblioitemnumber 114532
Наличности
Код за отписване Код за изгубен артикул Източник на класификационната схема Код за повреда Коз за рестрикции Код за отдаване Артикулен № Име на библиотеката - собственик Име на библиотеката, в която се намира в момента Статус (Текущо местоположение) Дата на вписване в системата Местоположение - отдел Цена в лева Инвентарен номер Систематично азбучна сигнатура Баркод Номер на екземпляра Цена в евро Служебна бележка Служебен тип на артикула
  Не е изгубен Universal Decimal Classification Не е повреден само за читалня ползва се в читалня 183653 Регионална библиотека "Любен Каравелов" Русе Регионална библиотека "Любен Каравелов" Русе Хранилище 1984-01-01 Хранилище 1.00 416335 Цб І 21439 120000416335 1 0.51 N: стар фонд Дата: 01.01.1984 Книги
Изтеглен Не е изгубен Universal Decimal Classification Не е повреден без рестрикции заемане за дома 183654 Регионална библиотека "Любен Каравелов" Русе Регионална библиотека "Любен Каравелов" Русе Заемна - подръчен фонд 1984-01-01 Заемна - подръчен фонд 1.00 417751 П 869.0-32/Е 85 417751 2 0.51 N: стар фонд Дата: 01.01.1984 Книги
Изтеглен Не е изгубен Universal Decimal Classification Не е повреден без рестрикции заемане за дома 183655 Регионална библиотека "Любен Каравелов" Русе Регионална библиотека "Любен Каравелов" Русе Заемна - подръчен фонд 1984-01-01 Заемна - подръчен фонд 1.00 417750 П 869.0-32/Е 85 417750 3 0.51 N: стар фонд Дата: 01.01.1984 Книги
Изтеглен Не е изгубен Universal Decimal Classification Не е повреден без рестрикции заемане за дома 183656 Регионална библиотека "Любен Каравелов" Русе Регионална библиотека "Любен Каравелов" Русе Заемна - подръчен фонд 1984-01-01 Заемна - подръчен фонд 1.00 417749 П 869.0-32/Е 85 417749 4 0.51 N: стар фонд Дата: 01.01.1984 Книги
Изтеглен Не е изгубен Universal Decimal Classification Не е повреден без рестрикции заемане за дома 183657 Регионална библиотека "Любен Каравелов" Русе Регионална библиотека "Любен Каравелов" Русе Заемна - подръчен фонд 1984-01-01 Заемна - подръчен фонд 1.00 417747 П 869.0-32/Е 85 417747 5 0.51 N: стар фонд Дата: 01.01.1984 Книги
Изтеглен Не е изгубен Universal Decimal Classification Не е повреден без рестрикции заемане за дома 183658 Регионална библиотека "Любен Каравелов" Русе Регионална библиотека "Любен Каравелов" Русе Заемна - подръчен фонд 1984-01-01 Заемна - подръчен фонд 1.00 417744 П 869.0-32/Е 85 417744 6 0.51 N: стар фонд Дата: 01.01.1984 Книги
Vip Innovations Ltd, Rousse, Bulgaria 2025